[Event "PUR-ch"]
[Site "San Juan"]
[Date "2023.08.26"]
[Round "3"]
[White "Rodriguez Gonzalez, Angel G"]
[Black "Rodriguez Rosario, Abdiel D"]
[Result "1-0"]
[WhiteElo "1776"]
[BlackElo "1248"]
[PlyCount "48"]
[EventDate "2023.08.25"]
[EventType "swiss"]
[EventRounds "9"]
[EventCountry "PUR"]
[SourceTitle "EXT 2024"]
[Source "ChessBase"]
[SourceDate "2023.10.10"]
[SourceVersion "1"]
[SourceVersionDate "2023.10.10"]
[SourceQuality "1"]

1. d4 d5 2. c4 c6 3. Nf3 Nf6 4. Qc2 e6 5. g3 Nbd7 6. Bg2 Bd6 7. 0-0 0-0 8. Rd1 Ne4 9. Nc3 f5 10. b3 Ndf6 11. Bb2 f4 12. Ne5 Nxf2 13. Kxf2 fxg3+ 14. Kg1 gxh2+ 15. Kh1 Nh5 16. Rd3 Qh4 17. Rh3 Qg5 18. Bf3 Nf6 19. Rxh2 Qf5 20. Qxf5 exf5 21. cxd5 cxd5 22. Nxd5 Nd7 23. Ne7+ Bxe7 24. Bd5+ Kh8 1-0